[Event "Wch FIDE Online U16 Africa qual"]
[Site "Tornelo INT"]
[Date "2020.11.30"]
[Round "6"]
[White "Shah, Viraj Bhaveshu"]
[Black "Junior, Domingos"]
[Result "1/2-1/2"]
[WhiteElo "1214"]
[BlackElo "1874"]
[PlyCount "79"]
[EventDate "2020.11.28"]
[EventType "swiss (rapid)"]
[EventRounds "7"]
[EventCountry "ISS"]
[SourceTitle "EXT 2022"]
[Source "ChessBase"]
[SourceDate "2021.10.06"]
[SourceVersion "1"]
[SourceVersionDate "2021.10.06"]
[SourceQuality "1"]

1. e4 c6 2. d4 d5 3. Nc3 dxe4 4. Nxe4 Nf6 5. Nxf6+ exf6 6. c3 Bf5 7. Bd3 Bxd3 8. Qxd3 Bd6 9. Be3 0-0 10. 0-0-0 Nd7 11. Ne2 Qa5 12. Kb1 b5 13. h4 Nb6 14. Nc1 Nc4 15. Nb3 Qc7 16. g4 Qd7 17. f4 Rfe8 18. Bc1 Qxg4 19. Rdg1 Qe6 20. Ka1 a5 21. h5 f5 22. Rg5 a4 23. Nc5 Bxc5 24. dxc5 g6 25. hxg6 fxg6 26. Rhg1 Rf8 27. Rh5 Kh8 28. Rh6 Kg7 29. Rgh1 Rh8 30. Qd4+ Kg8 31. Qxh8+ Kxh8 32. Rxh7+ Kg8 33. Rh8+ Kg7 34. R1h7+ Kf6 35. Rxa8 Qd5 36. Rf8+ Ke6 37. Re8+ Kf6 38. Rf8+ Ke6 39. Re8+ Kf6 40. Rf8+ 1/2-1/2

[Event "Africa-ch U14"]
[Site "Windhoek"]
[Date "2019.12.17"]
[Round "4.2"]
[White "Shah, Viraj Bhaveshu"]
[Black "Smit, Devon"]
[Result "0-1"]
[WhiteElo "1378"]
[BlackElo "1751"]
[PlyCount "120"]
[EventDate "2019.12.16"]
[EventType "swiss"]
[EventRounds "9"]
[EventCountry "NAM"]
[SourceTitle "EXT 2024"]
[Source "ChessBase"]
[SourceDate "2023.10.10"]
[SourceVersion "1"]
[SourceVersionDate "2023.10.10"]
[SourceQuality "1"]

1. e4 c5 2. Nc3 Nc6 3. f4 g6 4. Nf3 Bg7 5. Bb5 Nd4 6. 0-0 e6 7. Nxd4 cxd4 8. Ne2 Ne7 9. Kh1 0-0 10. Bd3 d6 11. Ng3 f5 12. Qe2 Kh8 13. c3 b6 14. Qf2 dxc3 15. dxc3 Bb7 16. Bc2 Ng8 17. Bd2 Nf6 18. exf5 gxf5 19. h3 Qd7 20. Ne2 Rg8 21. Nd4 Ne4 22. Bxe4 Bxe4 23. Nf3 Bf6 24. Rae1 Rg6 25. Ng5 Bxg5 26. fxg5 e5 27. Kh2 d5 28. h4 f4 29. Qe2 Qe6 30. c4 Qf5 31. Bc3 Re8 32. g4 Qc8 33. cxd5 Bxd5 34. Rxf4 Kg8 35. Rf5 Bc4 36. Qf3 Qd7 37. Rfxe5 Rxe5 38. Bxe5 Qd2+ 39. Kh3 Qxe1 40. Qa8+ Kf7 41. Qb7+ Ke6 42. Qc6+ Kxe5 43. Qxc4 Qe3+ 44. Kg2 Qe4+ 45. Qxe4+ Kxe4 46. Kg3 Ke3 47. b3 a6 48. a3 a5 49. a4 Rg8 50. Kg2 Kf4 51. Kh3 Kf3 52. h5 Rxg5 53. Kh4 Rxg4+ 54. Kh3 Rf4 55. h6 Rb4 56. Kh2 Rh4+ 57. Kg1 Rxh6 58. b4 axb4 59. a5 bxa5 60. Kf1 Rh1# 0-1

[Event "Africa-ch U14"]
[Site "Windhoek"]
[Date "2019.12.16"]
[Round "2.3"]
[White "Shah, Viraj Bhaveshu"]
[Black "Kacem, Abdelkader"]
[Result "1-0"]
[WhiteElo "1378"]
[BlackElo "1706"]
[PlyCount "137"]
[EventDate "2019.12.16"]
[EventType "swiss"]
[EventRounds "9"]
[EventCountry "NAM"]
[SourceTitle "EXT 2024"]
[Source "ChessBase"]
[SourceDate "2023.10.10"]
[SourceVersion "1"]
[SourceVersionDate "2023.10.10"]
[SourceQuality "1"]

1. e4 c5 2. Nc3 e6 3. f4 Nf6 4. Nf3 d5 5. Bb5+ Nc6 6. e5 Nd7 7. Bxc6 bxc6 8. 0-0 Be7 9. Kh1 Ba6 10. d3 0-0 11. Qe1 Rb8 12. Qf2 Qc7 13. Re1 c4 14. d4 c5 15. Ne2 cxd4 16. Nexd4 Nc5 17. c3 Nd3 18. Qg3 Nxe1 19. Nxe1 Bc8 20. f5 exf5 21. Bh6 g6 22. Bxf8 Bxf8 23. Rb1 Bd7 24. Nef3 Rb6 25. Ng5 Qb8 26. b4 h6 27. Nh3 Bg7 28. Re1 Kh8 29. Nf4 Kh7 30. Nxd5 Ra6 31. Re2 Be6 32. b5 Ra3 33. Nb4 f4 34. Qf3 Qc8 35. Ndc2 Bg4 36. Qxf4 Rxc3 37. Rf2 Bf5 38. Qd4 Rd3 39. Nxd3 cxd3 40. Ne3 Qc1+ 41. Rf1 d2 42. Qa1 Qxa1 43. Rxa1 Bxe5 44. Rd1 Bc3 45. Nxf5 gxf5 46. Kg1 Kg6 47. Kf2 Kf6 48. Ke2 Ke5 49. Rb1 Ba5 50. Rb3 Kd4 51. Rh3 Kc4 52. Rxh6 Kxb5 53. Rf6 Bb4 54. Rxf5+ Ka4 55. Rf4 Ka3 56. Rxb4 Kxb4 57. h4 Kc3 58. Kd1 Kd4 59. Kxd2 Ke4 60. Ke2 Kf4 61. Kf2 Kg4 62. g3 f6 63. Ke3 f5 64. Kf2 a6 65. a3 a5 66. a4 f4 67. gxf4 Kxf4 68. Ke2 Kg4 69. Kd3 1-0